[Event "South African op"]
[Site "Cape Town"]
[Date "2022.07.16"]
[Round "9"]
[White "Erlank, Warrick"]
[Black "Mfazwe, Lutho"]
[Result "0-1"]
[WhiteElo "1870"]
[BlackElo "1968"]
[PlyCount "120"]
[EventDate "2022.07.09"]
[EventType "swiss"]
[EventRounds "11"]
[EventCountry "RSA"]
[SourceTitle "CBM 209 Extra"]
[Source "ChessBase"]
[SourceDate "2022.09.30"]
[SourceVersion "1"]
[SourceVersionDate "2022.09.30"]
[SourceQuality "1"]

1. e4 e5 2. Nf3 Nf6 3. d4 d5 4. dxe5 Nxe4 5. Bd3 Nc5 6. 0-0 Be7 7. Nc3 c6 8. Be2 0-0 9. Nd4 f6 10. exf6 Bxf6 11. Be3 Ne6 12. Bf3 Nc7 13. Nde2 Nd7 14. Ng3 Ne5 15. Be2 Ne6 16. Bd2 Nd4 17. Nh5 Bf5 18. Rc1 Nxe2+ 19. Nxe2 c5 20. b3 Be7 21. Nhg3 Qd7 22. Nxf5 Rxf5 23. Ng3 Rf7 24. Qe2 Bd6 25. c3 Re8 26. Qd1 Nd3 27. Rc2 c4 28. Be3 Bf4 29. Bxa7 Rfe7 30. Re2 Bxg3 31. Rxe7 Bxh2+ 32. Kxh2 Qxe7 33. Qh5 Qc7+ 34. g3 Re5 35. Qg4 b6 36. bxc4 Qxa7 37. Qd4 Rh5+ 38. Kg2 Nc5 39. cxd5 Qd7 40. Rd1 Qh3+ 41. Kf3 Rf5+ 42. Ke2 Qh5+ 43. g4 Re5+ 44. Kd2 Qh6+ 45. Kc2 Re2+ 46. Rd2 Qg6+ 47. Kb2 Nd3+ 48. Kc2 Ne5+ 49. Kb3 Qb1+ 50. Ka4 b5+ 51. Ka5 Rxd2 52. Qxe5 Qxa2+ 53. Kb6 Qa8 54. Qe6+ Kh8 55. d6 Qb8+ 56. Kc6 Rxf2 57. g5 Rf3 58. Kd7 Rxc3 59. Ke7 Rc8 60. d7 Rf8 0-1

[Event "South African op"]
[Site "Cape Town"]
[Date "2022.07.11"]
[Round "5"]
[White "Jacobs, Cavan"]
[Black "Erlank, Warrick"]
[Result "0-1"]
[WhiteElo "1748"]
[BlackElo "1870"]
[PlyCount "104"]
[EventDate "2022.07.09"]
[EventType "swiss"]
[EventRounds "11"]
[EventCountry "RSA"]
[SourceTitle "CBM 209 Extra"]
[Source "ChessBase"]
[SourceDate "2022.09.30"]
[SourceVersion "1"]
[SourceVersionDate "2022.09.30"]
[SourceQuality "1"]

1. e4 c5 2. Nf3 e6 3. Nc3 a6 4. d4 cxd4 5. Nxd4 Qc7 6. Be3 b5 7. a3 Nf6 8. Qd2 Bb7 9. f3 Nc6 10. g4 h6 11. 0-0-0 b4 12. axb4 Bxb4 13. Kb1 Rc8 14. Nxc6 Qxc6 15. Bd4 d6 16. g5 hxg5 17. Qxg5 Nh5 18. Bxg7 Nxg7 19. Qxg7 Bxc3 20. Qxc3 Qxc3 21. bxc3 d5 22. exd5 Bxd5 23. Rd3 Bc4 24. Rd1 Bxf1 25. Rdxf1 Rxc3 26. Kb2 Re3 27. Ra1 Rxf3 28. Rxa6 Rhh3 29. Ra7 Rf2 30. Rc7 Rhxh2 31. Ra1 Kf8 32. Ra8+ Kg7 33. Re8 Re2 34. Ree7 Rhf2 35. Kb3 e5 36. c4 Rf3+ 37. Kb4 e4 38. Kc5 Kg6 39. Re5 f6 40. Rc6 Rf5 41. Rxf5 Kxf5 42. Kd4 Rd2+ 43. Ke3 Rd3+ 44. Ke2 Ke5 45. c5 f5 46. Rh6 f4 47. c6 f3+ 48. Ke1 e3 49. Rh5+ Kf4 50. Rh4+ Kg3 51. Rc4 f2+ 52. Ke2 Rd2+ 0-1

[Event "Sandton SWVG blitz op"]
[Site "Sandton"]
[Date "2019.05.19"]
[Round "10"]
[White "Erlank, Warrick"]
[Black "Zwakala, Ntando"]
[Result "0-1"]
[WhiteElo "1953"]
[BlackElo "2043"]
[PlyCount "78"]
[EventDate "2019.05.19"]
[EventType "swiss (blitz)"]
[EventRounds "10"]
[EventCountry "RSA"]
[SourceTitle "CBM 190 Extra"]
[Source "ChessBase"]
[SourceDate "2019.07.15"]
[SourceVersion "1"]
[SourceVersionDate "2019.07.15"]
[SourceQuality "1"]

1. e4 c5 2. Nf3 e6 3. c3 d5 4. exd5 Qxd5 5. d4 Nf6 6. Be3 cxd4 7. cxd4 Be7 8. Nc3 Qd8 9. Bd3 0-0 10. 0-0 b6 11. Ne5 Bb7 12. Rc1 Nbd7 13. Qe2 a6 14. Rfd1 b5 15. a3 Rc8 16. Bb1 Nb6 17. Qd3 g6 18. Bh6 Re8 19. Qh3 Nbd5 20. Re1 Nxc3 21. bxc3 Bxa3 22. Rcd1 Bd5 23. Bg5 Be7 24. Qh6 Bf8 25. Qh4 Be7 26. Re3 Nh5 27. f4 b4 28. g4 Nxf4 29. Bxe7 Qxe7 30. Qh6 bxc3 31. Qxf4 c2 32. Bxc2 Rxc2 33. Rg3 Qh4 34. Rd2 Rxd2 35. Qxd2 Rb8 36. Qc1 Be4 37. Kf2 Qf6+ 38. Ke3 Bd5 39. Qc7 Rb3+ 0-1

[Event "Sandton SWVG blitz op"]
[Site "Sandton"]
[Date "2019.05.19"]
[Round "6"]
[White "Mpya, Tshediso M"]
[Black "Erlank, Warrick"]
[Result "1-0"]
[WhiteElo "1925"]
[BlackElo "1953"]
[PlyCount "107"]
[EventDate "2019.05.19"]
[EventType "swiss (blitz)"]
[EventRounds "10"]
[EventCountry "RSA"]
[SourceTitle "CBM 190 Extra"]
[Source "ChessBase"]
[SourceDate "2019.07.15"]
[SourceVersion "1"]
[SourceVersionDate "2019.07.15"]
[SourceQuality "1"]

1. d4 d5 2. Bf4 Nf6 3. e3 e6 4. Nf3 c5 5. Nc3 a6 6. a3 Nc6 7. Be2 Bd6 8. Bg3 0-0 9. 0-0 Re8 10. Re1 Rb8 11. dxc5 Bxg3 12. hxg3 a5 13. Bb5 Qe7 14. Na4 Bd7 15. c3 Ne4 16. b4 Na7 17. Bxd7 Qxd7 18. Nb6 Qc7 19. Qb3 Nc6 20. Nd4 Ne5 21. Rad1 Ng4 22. Re2 Ne5 23. c4 dxc4 24. Nxc4 Ng6 25. Nb5 Qc6 26. Nbd6 Rf8 27. Rd4 Nxd6 28. Rxd6 Qe4 29. Nxa5 h5 30. Qd3 Qe5 31. Nc4 Qg5 32. e4 h4 33. gxh4 Qxh4 34. Qg3 Qf6 35. e5 Qf5 36. Qd3 Qh5 37. Qf3 Qh4 38. Re4 Qg5 39. Qe3 Qh5 40. Qe2 Qg5 41. Qe3 Qh5 42. Nd2 Qd1+ 43. Kh2 Qh5+ 44. Qh3 Qg5 45. Nf3 Qc1 46. Re1 Qc4 47. Ng5 Qf4+ 48. Qg3 Qf5 49. Nf3 f6 50. exf6 Rxf6 51. Rdxe6 Rxe6 52. Qxb8+ Kh7 53. Rxe6 Qxe6 54. Ng5+ 1-0

[Event "Sandton SWVG blitz op"]
[Site "Sandton"]
[Date "2019.05.19"]
[Round "9"]
[White "Oatlhotse, Providence"]
[Black "Erlank, Warrick"]
[Result "1-0"]
[WhiteElo "2165"]
[BlackElo "1953"]
[PlyCount "83"]
[EventDate "2019.05.19"]
[EventType "swiss (blitz)"]
[EventRounds "10"]
[EventCountry "RSA"]
[SourceTitle "CBM 190 Extra"]
[Source "ChessBase"]
[SourceDate "2019.07.15"]
[SourceVersion "1"]
[SourceVersionDate "2019.07.15"]
[SourceQuality "1"]

1. c4 e6 2. g3 d5 3. Bg2 dxc4 4. Nf3 Nd7 5. 0-0 a6 6. a4 Rb8 7. a5 b5 8. axb6 cxb6 9. Nd4 Ne5 10. Nc6 Nxc6 11. Bxc6+ Bd7 12. Bxd7+ Qxd7 13. Rxa6 Nf6 14. Qc2 b5 15. Rd1 Nd5 16. Ra1 Bd6 17. Nc3 Nb4 18. Qe4 0-0 19. d3 cxd3 20. exd3 Bc5 21. d4 Be7 22. Bf4 Rb7 23. d5 exd5 24. Nxd5 Nxd5 25. Rxd5 Qc6 26. Rc1 Qf6 27. Rf5 Qg6 28. Qxb7 Qxf5 29. Qxe7 b4 30. Qxb4 h5 31. Qc5 Qg4 32. Qg5 Qf3 33. h4 Re8 34. Rf1 Re2 35. b4 Rb2 36. Qd8+ Kh7 37. Qd4 Re2 38. Be3 f6 39. Qf4 Qc6 40. Qf5+ Kg8 41. Qxh5 Qe6 42. Qxe2 1-0

[Event "RSA Inter Regional-ch"]
[Site "Boksburg"]
[Date "2018.12.12"]
[Round "7.2"]
[White "Jacobs, Cavan"]
[Black "Erlank, Warrick"]
[Result "1/2-1/2"]
[WhiteElo "1735"]
[BlackElo "1912"]
[PlyCount "88"]
[EventDate "2018.01.09"]
[EventType "team-swiss"]
[EventRounds "7"]
[EventCountry "RSA"]
[SourceTitle "CBM 189 Extra"]
[Source "ChessBase"]
[SourceDate "2019.05.31"]
[SourceVersion "1"]
[SourceVersionDate "2019.05.31"]
[SourceQuality "1"]
[WhiteTeam "Sedibeng Home Lovers"]
[BlackTeam "Western Province A"]
[WhiteTeamCountry "RSA"]
[BlackTeamCountry "RSA"]

1. e4 e6 2. d4 d5 3. Nc3 Nf6 4. Bg5 Be7 5. e5 Nfd7 6. h4 h6 7. Qh5 g6 8. Bxe7 Qxe7 9. Qf3 a6 10. Qf4 c5 11. Nf3 Nc6 12. 0-0-0 c4 13. Bxc4 dxc4 14. d5 Na5 15. Ne4 Rh7 16. dxe6 fxe6 17. Rxd7 Kxd7 18. Qd2+ Kc7 19. Qxa5+ Kb8 20. Rd1 Qc7 21. Qb4 Bd7 22. Rd4 Ka7 23. Rxc4 Qb6 24. Qc3 Bc6 25. Rb4 Qd8 26. Qc5+ b6 27. Qxc6 Rc8 28. Qa4 Qd3 29. Nfd2 Rhc7 30. Nc3 Rxc3 31. bxc3 Qxc3 32. Rc4 Qa1+ 33. Nb1 b5 34. Qa3 Rxc4 35. Qe7+ Kb8 36. Qe8+ Kb7 37. Qd7+ Kb8 38. Qd6+ Kb7 39. Qd7+ Kb6 40. Qxe6+ Ka5 41. Qxg6 Qxa2 42. Qe6 Rb4 43. Nc3 Rc4 44. Qg6 Rb4 1/2-1/2

[Event "Pretoria Capablanca A"]
[Site "Pretoria"]
[Date "2018.04.30"]
[Round "7"]
[White "Nelson, Jaco"]
[Black "Erlank, Warrick"]
[Result "1-0"]
[WhiteElo "1844"]
[BlackElo "1915"]
[PlyCount "114"]
[EventDate "2018.04.26"]
[EventType "tourn"]
[EventRounds "9"]
[EventCountry "RSA"]
[SourceTitle "CBM 184 Extra"]
[Source "ChessBase"]
[SourceDate "2018.06.28"]
[SourceVersion "1"]
[SourceVersionDate "2018.06.28"]
[SourceQuality "1"]

1. e4 e6 2. d4 d5 3. Nc3 Nf6 4. e5 Nfd7 5. f4 c5 6. Nf3 Nc6 7. Be3 Be7 8. dxc5 Nxc5 9. Qd2 0-0 10. 0-0-0 a6 11. Qf2 Qa5 12. Nd4 Bd7 13. Kb1 Na4 14. Nxa4 Qxa4 15. Nxc6 bxc6 16. Bb6 Rfb8 17. b3 Qb4 18. Bd4 a5 19. Qg3 a4 20. Bc3 Qb6 21. f5 axb3 22. axb3 Qa7 23. f6 Bf8 24. fxg7 Bxg7 25. Rd4 Kh8 26. Rh4 Rg8 27. Qh3 Rgb8 28. Bd3 Kg8 29. Rxh7 d4 30. Qg3 Qa2+ 31. Kc1 Qa3+ 32. Kd1 Qf8 33. Qh4 f5 34. exf6 Qxf6 35. Qxf6 Bxf6 36. Rxd7 dxc3 37. Ke2 Rd8 38. Rxd8+ Rxd8 39. h4 Kg7 40. Ra1 Bxh4 41. Ra7+ Kf6 42. Rc7 Rd6 43. Be4 Rd4 44. Kf3 Ke5 45. Bxc6 Rf4+ 46. Ke2 Kd4 47. Bf3 Bf6 48. Rc4+ Ke5 49. Rxc3 Kd6 50. Rc8 Kd7 51. Rg8 e5 52. Ke3 Be7 53. Be4 Bc5+ 54. Kd3 Rf6 55. Kc4 Ba3 56. Kd5 Bb2 57. Rg7+ Kd8 1-0

[Event "Pretoria Capablanca A"]
[Site "Pretoria"]
[Date "2018.04.29"]
[Round "6"]
[White "Erlank, Warrick"]
[Black "Khumalo, Keith"]
[Result "1-0"]
[WhiteElo "1915"]
[BlackElo "1951"]
[PlyCount "79"]
[EventDate "2018.04.26"]
[EventType "tourn"]
[EventRounds "9"]
[EventCountry "RSA"]
[SourceTitle "CBM 184 Extra"]
[Source "ChessBase"]
[SourceDate "2018.06.28"]
[SourceVersion "1"]
[SourceVersionDate "2018.06.28"]
[SourceQuality "1"]

1. e4 e6 2. d4 d5 3. Nd2 Nf6 4. e5 Nfd7 5. Bd3 c5 6. c3 Nc6 7. Ne2 cxd4 8. cxd4 f6 9. exf6 Nxf6 10. Nf3 Bd6 11. 0-0 Qc7 12. Bg5 0-0 13. Bh4 Nh5 14. Qc2 h6 15. Bh7+ Kh8 16. Bg6 Nf4 17. Nxf4 Bxf4 18. Bg3 Bxg3 19. hxg3 Qb6 20. Qd2 Bd7 21. Rfe1 Rf6 22. Bc2 Be8 23. g4 Bg6 24. g5 hxg5 25. Bxg6 Rxg6 26. Qd3 Rh6 27. Nxg5 Qc7 28. g3 Qe7 29. f4 Nd8 30. Kg2 Kg8 31. Rh1 Rc8 32. Rac1 Rc6 33. Rxc6 bxc6 34. Rxh6 gxh6 35. Nf3 Qe8 36. Ne5 Kg7 37. Qa3 Nb7 38. Qxa7 Qc8 39. Qa6 Qc7 40. Qxc6 1-0

[Event "Pretoria Capablanca A"]
[Site "Pretoria"]
[Date "2018.04.28"]
[Round "3"]
[White "Nesimeye, Okuma Ejomafuvwe"]
[Black "Erlank, Warrick"]
[Result "1/2-1/2"]
[WhiteElo "2024"]
[BlackElo "1915"]
[PlyCount "33"]
[EventDate "2018.04.26"]
[EventType "tourn"]
[EventRounds "9"]
[EventCountry "RSA"]
[SourceTitle "CBM 184 Extra"]
[Source "ChessBase"]
[SourceDate "2018.06.28"]
[SourceVersion "1"]
[SourceVersionDate "2018.06.28"]
[SourceQuality "1"]

1. Nf3 Nf6 2. g3 d5 3. Bg2 c5 4. 0-0 Nc6 5. d3 g6 6. Nbd2 Bg7 7. e4 e6 8. c3 0-0 9. e5 Nd7 10. d4 b6 11. Re1 a5 12. Nf1 Ba6 13. Bg5 Qe8 14. Qd2 Rc8 15. a3 a4 16. Bh6 Na5 17. Rab1 1/2-1/2

[Event "RSA Inter Regional-ch"]
[Site "Boksburg"]
[Date "2018.01.09"]
[Round "2.2"]
[White "Bezuidenhout, Roland Reinhold"]
[Black "Erlank, Warrick"]
[Result "1/2-1/2"]
[WhiteElo "2128"]
[BlackElo "1912"]
[PlyCount "72"]
[EventDate "2018.01.09"]
[EventType "team-swiss"]
[EventRounds "7"]
[EventCountry "RSA"]
[SourceTitle "CBM 189 Extra"]
[Source "ChessBase"]
[SourceDate "2019.05.31"]
[SourceVersion "1"]
[SourceVersionDate "2019.05.31"]
[SourceQuality "1"]
[WhiteTeam "Tshwane"]
[BlackTeam "Western Province A"]
[WhiteTeamCountry "RSA"]
[BlackTeamCountry "RSA"]

1. Nf3 Nf6 2. g3 d5 3. Bg2 e6 4. c4 dxc4 5. Qa4+ Nbd7 6. Qxc4 a6 7. Qc2 Bd6 8. Nc3 0-0 9. 0-0 Ne5 10. d4 Nxf3+ 11. Bxf3 h6 12. Rd1 Qe7 13. Be3 Rb8 14. d5 e5 15. Rac1 Ng4 16. Bd2 Nf6 17. Bg2 Bd7 18. Rf1 Nh7 19. Ne4 Bf5 20. Qb3 Bxe4 21. Bxe4 f5 22. Bb1 Qf7 23. f4 e4 24. Bb4 Nf6 25. Bxd6 cxd6 26. Rfd1 Qh5 27. e3 Rfc8 28. Rxc8+ Rxc8 29. Re1 Ng4 30. h4 b5 31. Qa3 Rd8 32. Qxa6 Ne5 33. fxe5 Qf3 34. Qxb5 Qxg3+ 35. Kf1 Qf3+ 36. Kg1 Qg3+ 1/2-1/2